=LDR 00000nam 2200000 4500 =001 INLIS000000000046163 =005 20150217100409.0 =006 =007 =008 =020 ##$$a 978-979-16898-4-7 =035 ##$$0010-021500000000724 =040 ##$$a NBPDMAT =082 ##$$a 510.7 =090 ##$$a 510.7 $b Tur m =100 ##$$a Turmudi =245 ##$$a Matematika Eksploratif dan Ilustratif $b Referensi Metodologi Pembelajaran Untuk Guru Matematika $c Turmudi =260 ##$$a Jakarta $b Lenser Cita Pustaka $c 2010 =300 ##$$a vi, 66 hlm. : $b ilus. ; $c 24 cm. =500 ##$$a Bibliografi : hlm. 65 =650 ##$$a Matematika - Studi dan Pengajaran =850 ##$$a NBPDMAT =990 ##$$a 21423635 =990 ##$$a 21423632 =990 ##$$a 21423633 =990 ##$$a 21423634 =990 ##$$a 21423636 =990 ##$$a 21423635 =990 ##$$a 21423632 =990 ##$$a 21423633 =990 ##$$a 21423634 =990 ##$$a 21423636